00702nam a2200241 a 4500001001300000003000900013005001700022008004100039020001000080082001700090100002200107245004500129260004800174300000800222500003500230505002300265650002300288700002200311902000800333942000700341952009700348999001500445nice12345678IN_TiNIC20260116011751.0050524s1970 newa grp 000 0 eng  ac10000a181.07bKHU2 aKhundmiri, S Alam aEssays on Islam, in Islam and Modern Age aNew DelhibIslam & Modern Age Societyc1970 a49p aincludes index and biblioraphy2 avolume no, 2. only aPhilosophy-Islamic1 aKhundmiri, S Alam bSRS cBK 00104070aHMIbHMId2007-07-31g100.00l0o181.07 KHU2p06743r2007-07-31w2026-01-16yEB c3815d3815